Psicoanálisis y género: debates en el foro /

Guardado en:
Bibliografiske detaljer
Hovedforfatter: Meler, Irene
Institution som forfatter: UBA. Facultad de Medicina
Andre forfattere: comp Tajer, Débora comp
Format: Texto
Udgivet: Buenos Aires: Lugar
Fag:
Tags: Tilføj Tag
Ingen Tags, Vær først til at tagge denne postø!

MARC

LEADER 00000 a a2200000 04500
001 30231
003
040
020 |a 950-9129-089-0  
090 |a 194507  
100 |a Meler, Irene  
110 |a UBA. Facultad de Medicina  
245 |a Psicoanálisis y género: debates en el foro /  |c Irene Meler  
260 |a Buenos Aires:   |b Lugar  
300 |a 320 p.  
650 |a PATERNIDAD  
650 |a PSICOANALISIS  
650 |a FEMENISMO  
700 |a comp   |a Tajer, Débora   |a comp  
999 |c 1959  |d 1959